000 01018nam a22002897a 4500
999 _c88885
_d88885
005 20181031145049.0
010 _aBAC-EN21 ENG-111663 B-710691
020 _a9788121906289
_c595.00
035 _aEN-95195
035 _aB-589681-707
035 _aB-710691
037 _bTechniz/Ven
_adpl
037 _bDBAD/PUB
037 _bGift
082 _a621
100 _aKhurmi, R.S.
245 _aMechanical engineering
_cby R.S.Khurmi [and] J.K.Gupta
_bconventional and objective type for the students of UPSC, (Engg.Services)....and other competitive courses /
250 _a7th ed
260 _c2014(repr.)
_aNew Delhi
_bS.Chand
270 _a7361, Ram Nagar
_bNew Delhi
_e110055
300 _c23cm(pbk)
_a838p. :
_bill
500 _aIncludes index
700 _aGupta J.K.
942 _cEN
_2ddc
_mKHU
_h621